Statistics for US States with NFC Football Teams

Click here to take the quiz!

General Stats

  • This quiz has been taken 45 times
  • The average score is 13 of 15

Answer Stats

RegionState% Correct
EastNew York
97%
SouthFlorida
97%
WestWashington
95%
EastTexas
92%
WestCalifornia
92%
SouthGeorgia
89%
NorthIllinois
84%
NorthMichigan
84%
SouthLouisiana
84%
WestArizona
84%
EastPennsylvania
81%
EastWashington DC
81%
NorthMinnesota
81%
SouthNorth Carolina
81%
NorthWisconsin
78%

Score Distribution

Percentile by Number Answered

Percent of People with Each Score

Your Score History

You have not taken this quiz